000
00314nam a2200133Ia 4500
008
100328s9999 xx 000 0 und d
082
_b
1709
100
_a
Fender P.G.H.
245
_a
An ABC Of Cricket
260
_b
Arthur Barker
630
_a
An ABC Of Cricket
730
_a
An ABC Of Cricket
942
_c
BOOK
999
_c
497962
_d
497959